书目信息 |
| 题名: |
生物安全实验室与生物安全柜
|
|
| 作者: | 许钟麟 , 王清勤 编著 | |
| 分册: | ||
| 出版信息: | 北京 中国建筑工业出版社 2004.08 |
|
| 页数: | 219页 | |
| 开本: | 20cm | |
| 丛书名: | ||
| 单 册: | ||
| 中图分类: | Q81 | |
| 科图分类: | ||
| 主题词: | 生物工程--sheng wu gong cheng--实验室--安全技术 , 生物工程--sheng wu gong cheng--安全设备 | |
| 电子资源: | ||
| ISBN: | 7-112-06684-0 | |
| 000 | 00970nam0 2200253 450 | |
| 001 | 012007399856 | |
| 005 | 20191031115908.15 | |
| 010 | @a7-112-06684-0@dCNY30.00 | |
| 100 | @a20070727d2004 km y0chiy0120 ea | |
| 101 | 0 | @achi |
| 102 | @aCN@b110000 | |
| 105 | @aa a 000yy | |
| 200 | 1 | @a生物安全实验室与生物安全柜@Asheng wu an quan shi yan shi yu sheng wu an quan gui@f许钟麟, 王清勤编著@Fxu zhong lin,wang qing qin bian zhu |
| 210 | @a北京@c中国建筑工业出版社@d2004.08 | |
| 215 | @a219页@c图@d20cm | |
| 320 | @a有书目 (第217-219页)。 | |
| 330 | @a本书系统介绍了生物安全设施原理,生物安全柜分类和构造,生物安全柜性能的应用,生物安全柜的检测,生物安全实验室的设计,生物安全实验室应用等内容。 | |
| 606 | 0 | @a生物工程@Asheng wu gong cheng@x实验室@x安全技术 |
| 606 | 0 | @a生物工程@Asheng wu gong cheng@x安全设备 |
| 690 | @aQ81@v4 | |
| 701 | 0 | @a许钟麟@Axu zhong lin@4编著 |
| 701 | 0 | @a王清勤@Awang qing qin@4编著 |
| 801 | 0 | @aCN@c20070929 |
| 905 | @dQ81@eX913 | |
| 生物安全实验室与生物安全柜/许钟麟, 王清勤编著.-北京:中国建筑工业出版社,2004.08 |
| 219页:图;20cm |
| ISBN 7-112-06684-0:CNY30.00 |
| 本书系统介绍了生物安全设施原理,生物安全柜分类和构造,生物安全柜性能的应用,生物安全柜的检测,生物安全实验室的设计,生物安全实验室应用等内容。 |
| ● |
| 相关链接 |
|
|
|
正题名:生物安全实验室与生物安全柜
索取号:Q81/X913
 
预约/预借
| 序号 | 登录号 | 条形码 | 馆藏地/架位号 | 状态 | 备注 |
| 1 | 1448662 | 214486625 | 自科库401/401自科库 32排1列4层/ [索取号:Q81/X913] | 在馆 | |
| 2 | 1448664 | 214486643 | 自科库401/401自科库 32排1列4层/ [索取号:Q81/X913] | 在馆 | |
| 3 | 1448665 | 214486652 | 自科库401/401自科库 32排1列4层/ [索取号:Q81/X913] | 在馆 | |
| 4 | 1448666 | 214486661 | 自科库401/401自科库 32排1列4层/ [索取号:Q81/X913] | 在馆 | |
| 5 | 1448667 | 214486670 | 自科库401/401自科库 32排1列4层/ [索取号:Q81/X913] | 在馆 | |
| 6 | 249697 | 202496977 | 自科库401/401自科库 32排1列4层/ [索取号:Q81/X913] | 在馆 | |
| 7 | 249698 | 202496986 | 自科库401/401自科库 32排1列4层/ [索取号:Q81/X913] | 在馆 |